Le seul pays asiatique restant... - Statistiques

Statistiques générales
  • Ce quiz a été pris 79 fois
  • Le résultat moyen est 26 sur 48
Réponses sur la Carte
Les réponses sont colorées sur une échelle allant du rouge au vert en fonction du pourcentage des utilisateurs qui les ont devinées à leur premier essai. Vous pouvez retrouver ces pourcentages ci-dessous.
 
Statistiques - réponses
Le seul pays asiatique restant Pays % Correct
qui a plus de 1 milliard d'habitants Inde
100%
qui a/eu une place permanente au conseil de sécurité de l'ONU Chine
89%
à avoir une ville à plus de 35 millions d'habitants Japon
80%
à avoir une altitude maximale supérieure à 8000m Népal
79%
à avoir une frontière de plus de 4000km avec la Russie Kazakhstan
73%
qui a déjà organisé la Coupe du Monde de Football Qatar
71%
à etre reconnu par JetPunk mais pas par la France Corée du Nord
68%
à avoir déja atteint les demis finales de Coupe du Monde de football Turquie
68%
à avoir déja eu un séisme de magnitude 9 Indonésie
66%
qui touche le Détroit d'Ormuz Oman
66%
à toucher la Mer Noire Géorgie
64%
qui a l'arme nucléaire Pakistan
64%
à toucher la Mer Jaune Corée du Sud
63%
à avoir moins de 10 habitants par km² Mongolie
63%
à ne pas être membres de l'ONU Taiwan
63%
à avoir abrité une des 7 merveilles du monde Irak
57%
à avoir fait partie de l'Indochine française Laos
57%
à avoir une capitale à plus de 10 lettres Sri Lanka
57%
à toucher la Mer de Chine méridionale Vietnam
57%
à avoir été trouvé à plus de 70% sur le quiz Pays du Monde Arabie Saoudite
54%
sur l'ile de Bornéo Brunei
54%
à avoir une frontière avec plus de 7 pays Iran
54%
à être traversée par l'Euphrate Syrie
54%
à toucher la Mer Caspienne Azerbaïdjan
52%
à avoir une capitale qui commence par P Cambodge
52%
à avoir une capitale en J Israel
52%
à avoir un gratte-ciel de plus de 500m de haut Malaisie
52%
qui fait partie des Quatre dragons asiatiques Singapour
52%
à avoir un seul pays frontalier Timor Oriental
50%
à avoir plus de 99% de sa population musulmane Afghanistan
48%
à participer à l'Eurovision Arménie
48%
à être traversé par le Brahmapoutre Bangladesh
48%
avec du territoire dans le massif de l'Himalaya Bhoutan
48%
membre des BRICS+ Émirats Arabes Unis
48%
à être membre de l'OPEP (Organisation des pays exportateurs de pétrole) Koweït
46%
à avoir plus de 1000 iles Maldives
46%
ayant plus de 10 millions de touriste en 2023 Thaïlande
46%
à être une île Bahreïn
45%
à avoir plus de 50% de son drapeau en vert Turkménistan
43%
à avoir été dans le top 20 du tableau des médailles des JO de Paris 2024 Ouzbékistan
41%
à avoir comme sport le plus populaire le basket-ball Philippines
41%
au Moyen-Orient Jordanie
39%
à avoir moins de 1 milliard de PIB par habitant Yémen
38%
avec plus de 75% de sa population bouddhiste Birmanie
36%
à être membre du Commonwealth Chypre
36%
à avoir comme monnaie le livre Liban
30%
dont la langue principale appartient à la famille indo-européenne Tadjikistan
30%
à se situer en Asie Kirghizistan
23%
Aucun quiz correspondant
Distribution des résultats
% des personnes avec chaque résultat
Percentile par nombre de réponses
Votre historique - résultats
Vous n’avez pas pris ce quiz